1786 1088 1655 1502 1081 1855 1068 1864 1729 1242 1784 1285 1088 1588 1021 1903 1687 1304 1819 1372 1646 1910 1832 1570 1767 1693 1088 1423 1445 1308 1228 1274 1202 1257 1385 1921 1857 1745 1605 1249 1127 1923 1922 1392 1355 1834 1912 1500 1686 1134 1386 1101 1887 1932 1161 1863 1123 1504 1130 1411 1596 1069 1352 1622 1326 1108 1813 1957 1056 1190 1068 1506 1838 1237 1906 1453 1894 1010 1092 1284 1388 1131 1603 1900 1975 1877 1141 1236 1392 1947 1121 1800 1923 1261 1441 1433 1939 1029 1651 BCNSPRNW ULIB Ver.6.0+V

เปลี่ยนเป็นภาษาไทย

Change to English
 แสดงรายละเอียดบรรณานุกรม
  กลับหน้าหลัก

Brief Record : Get Marc (ISO 2709) : E-mail record : QR code < ปิดหน้าต่าง
LEADER : 00000nam 2200000uu 4500
001    13399108204
003     ULIB
008    110221s2552||||th 000 0 tha d
020    9789748285221
060 04 WB115^bป445ค 2552
100 0  ปราณี ทู้ไพเราะ
245 10 คู่มือโรค =^bHandbook of diseases /^cปราณี ทู้ไพเราะ
246 31 Handbook of diseases
250    พิมพ์ครั้งที่ 1
260    กรุงเทพฯ :^bNP Press,^c2552
300    522 หน้า ;^c21 ซม.
504    มีบรรณานุกรมและดัชนี
650  7 การวินิจฉัยโรค
650  7 อายุรศาสตร์
945    ^p320^l0^i028874
945    ^p320^l0^i028724
945    ^p320^l0^i028723
945    ^p320^l0^i026170
945    ^p320^l0^i026169
945    ^p320^l0^i026168
945    ^p320^l0^i026166
945    ^p320^l0^i026164
945    ^p320^l0^i026167
945    ^p320^l0^i026165
995    ทศพร
999 ^a 2552ใช้งานได้ทุกระบบ
รายการนี้ยังไม่มีแท็ก
คุณยังไม่ได้ล็อกอิน คุณสามารถมีกิจกรรมร่วมกับเว็บไซต์ได้ แต่ต้องล็อกอินก่อน ::
  ล็อกอิน

รายการสื่อสารสนเทศ

ลำดับที่ ประเภท เลขเรียก/บาร์โค้ด สถานที่ สถานะ
- ไม่พบข้อมูล -

รายการใกล้เคียง
    ผู้แต่ง [ปราณี ทู้ไพเราะ]

    หัวเรื่อง [การวินิจฉัยโรค]
    หัวเรื่อง [อายุรศาสตร์]

BibComment


ยังไม่เคยถูกคอมเมนท์

คอมเมนท์ทรัพยากรรายการนี้
  คอมเมนท์: คู่มือโรค Handbo..


 Copyright 2026. Bcnsprnw @Library